000 00638nam a22002055i 4500
001 163986
003 ES-MaACL
005 20230906212842.0
008 050728s1868 gw | |||||||| ||eng d
040 _aCAM
_bspa
_cCAM
100 1 _aRoss, Charles H.
_9132070
245 1 4 _aThe pretty widow
_b: a novel /
_cby Charles H. Ross.
260 _aLeipzig :
_bBernhard Tauchnitz,
_c1868.
300 _a350 p. ;
_c16 cm.
490 1 _aCollection of British Authors ;
_v967
752 _aAlemania -
_dLeipzig
830 0 _aCollection of British Authors ;
_v967
_9180703
852 _aES-MaACL
_jG-1958
_z-- Enc. hol.
999 _c163986
_d163986